000 00712nam a22001337a 4500
040 _cRUA
082 _aAGR NOU 2013 BO55 Or.1
100 _aNOU, SOPHEAKTRA
245 _aEffect of different organic fertilizers on radish at station of royal university of agriculture ការប្រើប្រាស់ជីប្រភេទផ្សេងៗគ្នាលើដំណាំឆៃថាវនៅស្ថានីយ៍ដំណៃនៃសាកលវិទ្យាល័យភូមិន្ថកសិកម្ម.
260 _aPhnom Phen
_bRUA
_c2013
300 _aIV,46p.
_bill.
_c29cm.
856 _uhttps://drive.google.com/file/d/1-qM1BOdOGxdpLUAHUisBFtAPwJNpoh1-/view?usp=sharing
942 _cAGR
999 _c1243
_d1243